[Event "19th HZ Open 2015"]
[Site "Vlissingen NED"]
[Date "2015.08.03"]
[Round "4.10"]
[White "Heltzel, Joost"]
[Black "Das, Arghyadip"]
[Result "0-1"]
[WhiteTitle "CM"]
[BlackTitle "IM"]
[WhiteElo "2216"]
[BlackElo "2485"]
[WhiteFideId "1010522"]
[BlackFideId "5003610"]
[EventDate "2015.08.01"]

1. Nf3 Nf6 2. c4 g6 3. d4 Bg7 4. Nc3 O-O 5. e4 d6 6. Be2 Nbd7 7. O-O e5 8. Re1
a6 9. d5 a5 10. Bg5 h6 11. Bh4 Nc5 12. Nd2 Bd7 13. b3 h5 14. Bg5 Qc8 15. f3 Nh7
16. Be3 Bf6 17. Nf1 Bg5 18. Qd2 Qd8 19. Rab1 b6 20. Rbd1 h4 21. Bxg5 Nxg5 22.
Qe3 Kg7 23. Nd2 Qe7 24. Rf1 Rae8 25. Rde1 Nh7 26. a3 Bc8 27. b4 axb4 28. axb4
Na6 29. Rb1 Nf6 30. Rb2 Nh5 31. Ra1 Nf4 32. Bf1 Qg5 33. Kf2 f5 34. exf5 gxf5 35.
g3 hxg3+ 36. hxg3 Rh8 37. Nde4 Rh2+ 38. Bg2 fxe4 39. Kf1 Qxg3 40. Nxe4 Qg6 0-1

[Event "19th HZ Open 2015"]
[Site "Vlissingen NED"]
[Date "2015.08.03"]
[Round "4.11"]
[White "Stark, Lars"]
[Black "Linster, Philippe"]
[Result "1/2-1/2"]
[WhiteTitle "IM"]
[WhiteElo "2437"]
[BlackElo "2219"]
[WhiteFideId "4676386"]
[BlackFideId "4001206"]
[EventDate "2015.08.01"]

1. c4 e5 2. g3 Nf6 3. Bg2 d5 4. cxd5 Nxd5 5. Nf3 Nc6 6. O-O Be7 7. Nc3 Nb6 8. b3
O-O 9. Bb2 Be6 10. d3 a5 11. a3 f6 12. Nd2 Qd7 13. Re1 Rfd8 14. Rc1 Rab8 15.
Nce4 Nd4 16. Nc5 Bxc5 17. Rxc5 a4 18. b4 c6 19. Ne4 Nb3 20. Rc2 Nc4 21. Qb1 Nd6
22. Nc5 Nxc5 23. Rxc5 Nb5 24. Qc1 Bb3 25. h4 Qf7 26. Bf3 Bd5 27. Bg4 Be6 28.
Bxe6 Qxe6 29. Qc2 Ra8 30. Kg2 Kf7 31. Rc1 Rd5 32. Qc4 Rxc5 33. Qxe6+ Kxe6 34.
Rxc5 Rd8 35. Rc2 h5 36. f3 g6 37. Kf2 Rd7 38. Rc1 Rd8 39. Rg1 Rh8 40. f4 Rd8 41.
fxe5 fxe5 42. g4 Rf8+ 43. Ke3 Nd6 44. Kd2 e4 45. gxh5 gxh5 46. Rg6+ Kd5 47. Rh6
Rf5 48. Rh8 Nf7 49. Rh7 b5 50. Ke3 exd3 51. Kxd3 Nd6 52. Bc1 Ke6 53. Rc7 Rd5+
54. Kc2 Re5 55. Rxc6 Rxe2+ 56. Kd3 Rf2 57. Be3 Rf3 58. Ke2 Rf6 59. Rb6 Kd5 60.
Bc5 Re6+ 61. Kd3 Nc4 62. Rxb5 Nxa3 63. Ra5 Nc4 64. Ra8 Ne5+ 65. Kc3 Rg6 66. Rxa4
Rg3+ 67. Kd2 Nf3+ 68. Ke2 Nxh4 69. Bf2 Rg4 70. Ra5+ Kc4 71. b5 Re4+ 72. Kf1 Kb4
73. Ra8 Kxb5 74. Rh8 Ng6 75. Rxh5+ Re5 76. Rh6 Re6 77. Bg3 Kc4 78. Rh5 Kd3 79.
Ra5 Ke4 80. Ra3 Kf5 81. Kg2 Ne5 82. Ra5 Ke4 83. Ra4+ Kd5 84. Bf2 Rg6+ 85. Kf1
Re6 86. Bg1 Nc4 87. Ra2 Re8 88. Bf2 1/2-1/2

[Event "19th HZ Open 2015"]
[Site "Vlissingen NED"]
[Date "2015.08.03"]
[Round "4.12"]
[White "Leenhouts, Koen"]
[Black "Voege, Tobias"]
[Result "1-0"]
[WhiteTitle "IM"]
[WhiteElo "2422"]
[BlackElo "2191"]
[WhiteFideId "1008439"]
[BlackFideId "1270513"]
[EventDate "2015.08.01"]

1. e4 e6 2. d3 c5 3. Nf3 Nc6 4. g3 g6 5. Bg2 Bg7 6. O-O Nge7 7. c3 O-O 8. Be3 d6
9. Qd2 b5 10. Bh6 Rb8 11. Bxg7 Kxg7 12. d4 e5 13. d5 Na5 14. b4 Nc4 15. Qe2 Qc7
16. Nbd2 cxb4 17. cxb4 Bg4 18. Rfc1 Rfc8 19. a4 a6 20. a5 Qd7 21. Nxc4 bxc4 22.
Rxc4 Qb5 23. Rac1 Qxb4 24. Rxc8 Rxc8 25. Rxc8 Bxc8 26. Qe1 Qa3 27. h3 Bd7 28. g4
h6 29. Qd2 g5 30. Ne1 Bb5 31. h4 gxh4 32. g5 hxg5 33. Qxg5+ Ng6 34. Nf3 Qxa5 35.
Nxh4 Qe1+ 36. Kh2 Qxf2 37. Nf5+ Kf8 38. Qd8+ Be8 39. Qxd6+ Kg8 40. Qf6 Qf4+ 41.
Kh3 Bd7 42. Qg7# 1-0

[Event "19th HZ Open 2015"]
[Site "Vlissingen NED"]
[Date "2015.08.04"]
[Round "5.1"]
[White "Werle, Jan"]
[Black "Moradiabadi, Elshan"]
[Result "1/2-1/2"]
[WhiteTitle "GM"]
[BlackTitle "GM"]
[WhiteElo "2525"]
[BlackElo "2587"]
[WhiteFideId "1006088"]
[BlackFideId "12501255"]
[EventDate "2015.08.01"]

1. d4 Nf6 2. c4 e6 3. Nf3 d5 4. Nc3 Nbd7 5. Bg5 h6 6. Bh4 Be7 7. cxd5 Nxd5 8.
Bxe7 Qxe7 9. e4 Nxc3 10. bxc3 O-O 11. Bd3 b6 12. O-O Bb7 13. a4 a5 14. Re1 Rad8
15. Qc2 Rfe8 16. Bb5 c6 17. Bf1 c5 18. d5 exd5 19. exd5 Qd6 20. Bb5 Rxe1+ 21.
Rxe1 c4 22. Bxc4 Nf6 23. Rd1 Qc5 24. Bb3 Bxd5 25. c4 Rc8 26. cxd5 Qxc2 27. Bxc2
Rxc2 28. Kf1 Kf8 29. Ne5 Rc5 30. Rb1 Rxd5 31. Nc4 Rc5 32. Nxb6 Ke7 33. Rd1 Ke6
34. Rd4 Ke5 35. Rd1 Ke6 36. Rd4 Rc1+ 37. Ke2 Rc2+ 38. Rd2 Rc6 39. Rb2 Ne4 40.
Ke3 Nd6 41. Kd4 f6 42. g4 Rc1 43. Re2+ 1/2-1/2

[Event "19th HZ Open 2015"]
[Site "Vlissingen NED"]
[Date "2015.08.04"]
[Round "5.2"]
[White "Van Wely, Loek"]
[Black "Van Foreest, Jorden"]
[Result "1-0"]
[WhiteTitle "GM"]
[BlackTitle "IM"]
[WhiteElo "2654"]
[BlackElo "2519"]
[WhiteFideId "1000268"]
[BlackFideId "1039784"]
[EventDate "2015.08.01"]

1. Nf3 d5 2. d4 Nf6 3. c4 c6 4. Nc3 dxc4 5. a4 e6 6. e3 c5 7. Bxc4 Nc6 8. O-O
Be7 9. Qe2 cxd4 10. exd4 O-O 11. Rd1 Nb4 12. Bg5 h6 13. Bxf6 Bxf6 14. Ne4 Be7
15. Ne5 Nc6 16. Nxc6 bxc6 17. a5 Qc7 18. Qh5 Rd8 19. Qe5 Qb8 20. b3 Bb4 21. a6
Kf8 22. Qh5 Qf4 23. Qe2 Rb8 24. Rd3 Kg8 25. Rad1 Rb6 26. Rf3 Qh4 27. h3 Be7 28.
Rg3 Qf4 29. Rf3 Qh4 30. Rg3 Qf4 31. Rgd3 Qf5 32. Nc5 Bf6 33. Ne4 Be7 34. Nc5 Qf4
35. g3 Qc7 36. h4 Rb8 37. Rf3 Qa5 38. Nxe6 fxe6 39. Bxe6+ Bxe6 40. Qxe6+ Kh8 41.
Qxe7 Qxa6 42. Rf7 Rxd4 43. Re1 Qa5 44. Rf8+ 1-0

[Event "19th HZ Open 2015"]
[Site "Vlissingen NED"]
[Date "2015.08.04"]
[Round "5.3"]
[White "Erwich, Frank"]
[Black "Jobava, Baadur"]
[Result "1/2-1/2"]
[WhiteTitle "FM"]
[BlackTitle "GM"]
[WhiteElo "2358"]
[BlackElo "2664"]
[WhiteFideId "1007076"]
[BlackFideId "13601520"]
[EventDate "2015.08.01"]

1. e4 c6 2. c4 d5 3. exd5 cxd5 4. cxd5 Nf6 5. Nc3 Nxd5 6. Nf3 e6 7. d4 Bb4 8.
Qc2 Nc6 9. Bd3 h6 10. O-O O-O 11. a3 Bd6 12. Rd1 Nce7 13. Qe2 Bd7 14. Ne5 Bc6
15. Bc2 Rc8 16. Qd3 Nf6 17. Qh3 Qc7 18. Bxh6 Bxe5 19. dxe5 Qxe5 20. Be3 b6 21.
Bd4 Qh5 22. Qxh5 Nxh5 23. Be5 Nd5 24. Nxd5 Bxd5 25. Ba4 Rfd8 26. Rd2 f6 27. Bd1
fxe5 28. Bxh5 Kf8 29. Re1 Ke7 30. Rde2 a5 31. Rxe5 Rc2 32. Bg4 Rd6 33. R5e2 Rxe2
34. Rxe2 Bb3 35. h4 b5 36. Kh2 Bc4 37. Rc2 1/2-1/2

[Event "19th HZ Open 2015"]
[Site "Vlissingen NED"]
[Date "2015.08.04"]
[Round "5.4"]
[White "Maris, Ivo"]
[Black "Landa, Konstantin"]
[Result "0-1"]
[BlackTitle "GM"]
[WhiteElo "2288"]
[BlackElo "2624"]
[WhiteFideId "1028146"]
[BlackFideId "4101685"]
[EventDate "2015.08.01"]

1. Nf3 d5 2. g3 g6 3. Bg2 Bg7 4. d4 c6 5. O-O Nf6 6. c4 dxc4 7. Nc3 O-O 8. e4
Bg4 9. Qe2 e5 10. dxe5 Nfd7 11. Qxc4 Bxf3 12. Bxf3 Nxe5 13. Qe2 Nxf3+ 14. Qxf3
Nd7 15. Rd1 Qe7 16. Bf4 Ne5 17. Qe2 Rad8 18. Be3 b5 19. b3 b4 20. Na4 Nd3 21.
Rab1 Qxe4 22. f3 Qf5 23. g4 Qb5 24. Nc5 Nb2 25. Qxb5 cxb5 26. Re1 Bc3 27. Rec1
Rfe8 28. Bf2 Nd3 29. Nxd3 Rxd3 30. Rd1 Rxf3 31. Bxa7 Ra8 32. Bc5 Kg7 33. Rf1
Rxf1+ 34. Rxf1 Rxa2 35. Rf4 Rb2 36. Bxb4 Rxb3 37. Be7 Rb1+ 38. Kg2 Rb2+ 39. Kh1
Be5 40. Re4 f6 41. h4 Rh2+ 42. Kg1 Rxh4 43. Rxe5 Rxg4+ 0-1

[Event "19th HZ Open 2015"]
[Site "Vlissingen NED"]
[Date "2015.08.04"]
[Round "5.5"]
[White "Krasenkow, Michal"]
[Black "Admiraal, Miguoel"]
[Result "1/2-1/2"]
[WhiteTitle "GM"]
[BlackTitle "FM"]
[WhiteElo "2616"]
[BlackElo "2414"]
[WhiteFideId "1113100"]
[BlackFideId "1019716"]
[EventDate "2015.08.01"]

1. d4 d5 2. c4 c6 3. Nc3 Nf6 4. e3 Bf5 5. cxd5 cxd5 6. Qb3 Nc6 7. Qxb7 Bd7 8.
Qb3 Rb8 9. Qd1 e5 10. Nf3 Bd6 11. Bb5 e4 12. Bxc6 Bxc6 13. Ne5 Bxe5 14. dxe5 Nd7
15. e6 fxe6 16. Qh5+ g6 17. Qh6 Qf6 18. O-O Ne5 19. b3 Nd3 20. Bd2 Qf8 21. Qh4
Qe7 22. Qxe7+ Kxe7 23. Bc1 e5 24. Ba3+ Ke6 25. f3 h5 26. fxe4 dxe4 27. Nd1 Bb5
28. Nf2 Nxf2 29. Rxf2 Rbc8 30. h4 Rhd8 31. Kh2 Rd7 32. Bb2 Rdc7 33. Rd1 Bd3 34.
Rdd2 Rc2 35. Rxc2 Rxc2 36. Rxc2 Bxc2 37. Kg3 Bb1 38. a3 Bc2 39. b4 Ba4 40. Kf2
Kd5 41. Ke2 a6 42. Kd2 Bb3 43. Kc3 Ba4 44. Bc1 Bd1 1/2-1/2

[Event "19th HZ Open 2015"]
[Site "Vlissingen NED"]
[Date "2015.08.04"]
[Round "5.6"]
[White "Ernst, Sipke"]
[Black "Mu, Ke"]
[Result "1/2-1/2"]
[WhiteTitle "GM"]
[WhiteElo "2544"]
[BlackElo "2380"]
[WhiteFideId "1004689"]
[BlackFideId "8602778"]
[EventDate "2015.08.01"]

1. g3 Nf6 2. Bg2 d5 3. c4 c6 4. Nf3 g6 5. d4 Bg7 6. Qb3 O-O 7. O-O Qb6 8. Nc3
Rd8 9. c5 Qxb3 10. axb3 Na6 11. Bf4 Nh5 12. Bg5 Re8 13. h3 f6 14. Bd2 e5 15. e3
e4 16. g4 exf3 17. Bxf3 Nc7 18. Kh2 Ne6 19. gxh5 Ng5 20. Bg2 Bf5 21. h4 Ne4 22.
Nxe4 Bxe4 23. hxg6 hxg6 24. Rg1 Kf7 25. f3 Bc2 26. b4 Rh8 27. Kg3 f5 28. Rh1 Bf6
29. f4 a6 30. Bf3 Bd3 31. Rag1 Rh6 32. Rh3 Rah8 33. Rgh1 Kg7 34. h5 gxh5 35.
Rxh5 Rxh5 36. Rxh5 Kg6 37. Rxh8 Bxh8 38. Be1 Bf6 39. Bf2 Bf1 40. Bg1 Bd3 41. Bh2
Bd8 42. Kf2 Bf6 43. Bg3 Bd8 44. Ke1 Bf6 45. Bg2 Bd8 46. Kd2 Bb5 47. Bf3 Bf6 48.
Ke1 Bd8 49. Kf2 Bf6 50. Kg1 Bd8 51. Kh2 Bf1 52. Kg1 Bd3 53. Bg2 Bf6 54. Kh2 Be2
55. Kg1 1/2-1/2

[Event "19th HZ Open 2015"]
[Site "Vlissingen NED"]
[Date "2015.08.04"]
[Round "5.7"]
[White "Ikonnikov, Vyacheslav"]
[Black "Ten Hertog, Hugo"]
[Result "1/2-1/2"]
[WhiteTitle "GM"]
[BlackTitle "FM"]
[WhiteElo "2519"]
[BlackElo "2383"]
[WhiteFideId "4100972"]
[BlackFideId "1026356"]
[EventDate "2015.08.01"]

1. d4 g6 2. Nf3 Bg7 3. e4 d6 4. c4 Nf6 5. Nc3 O-O 6. Be2 e5 7. O-O Nbd7 8. Qc2
Nh5 9. dxe5 dxe5 10. g3 Nhf6 11. Rd1 Re8 12. b4 c6 13. c5 Qc7 14. Bb2 h6 15. Na4
b5 16. cxb6 axb6 17. Nc3 Qb8 18. Nb1 Bb7 1/2-1/2

[Event "19th HZ Open 2015"]
[Site "Vlissingen NED"]
[Date "2015.08.04"]
[Round "5.8"]
[White "Das, Arghyadip"]
[Black "Timmermans, Mark"]
[Result "1/2-1/2"]
[WhiteTitle "IM"]
[BlackTitle "FM"]
[WhiteElo "2485"]
[BlackElo "2352"]
[WhiteFideId "5003610"]
[BlackFideId "1026399"]
[EventDate "2015.08.01"]

1. e4 e5 2. Nf3 Nc6 3. Nc3 Nf6 4. Bb5 Nd4 5. Ba4 Nxf3+ 6. Qxf3 c6 7. O-O d6 8.
d3 Be7 9. Nd5 Be6 10. Nxe7 Qxe7 11. Bg5 h6 12. Bxf6 Qxf6 13. Qxf6 gxf6 14. f4
Ke7 15. Bb3 a5 16. fxe5 dxe5 17. Rf3 a4 18. Bxe6 fxe6 19. Raf1 Rhf8 20. R1f2 b5
21. Kf1 c5 22. Ke1 Rac8 23. Kd2 c4 24. a3 cxd3 25. cxd3 b4 26. axb4 Rb8 27. Kc1
Rxb4 28. Rc2 Rfb8 29. Rc7+ 1/2-1/2

[Event "19th HZ Open 2015"]
[Site "Vlissingen NED"]
[Date "2015.08.04"]
[Round "5.9"]
[White "Wan, Yunguo"]
[Black "Brink, Barry"]
[Result "1-0"]
[WhiteTitle "IM"]
[WhiteElo "2472"]
[BlackElo "2302"]
[WhiteFideId "8603189"]
[BlackFideId "1009451"]
[EventDate "2015.08.01"]

1. e4 c5 2. Nf3 a6 3. c3 e6 4. d4 d5 5. e5 Bd7 6. Bd3 cxd4 7. cxd4 Bb5 8. Bc2
Bb4+ 9. Bd2 a5 10. Nc3 Bc4 11. a3 Be7 12. h4 Nc6 13. Ne2 Qb6 14. Bc3 Nh6 15. Nf4
Kd7 16. g4 f6 17. b3 Bb5 18. g5 fxe5 19. Nxe6 Kxe6 20. gxh6 gxh6 21. Nxe5 Nxe5
22. dxe5 Kd7 23. Qxd5+ Kc7 24. Bd4 Qc6 25. Qxc6+ Bxc6 26. Rg1 Rhg8 27. Ke2 Bb5+
28. Ke3 Bxh4 29. Bxh7 Rge8 30. Rg7+ Re7 31. Rag1 Re8 32. f4 Kb8 33. Rxe7 Bxe7
34. a4 Bc6 35. Be4 Rd8 36. Bxc6 bxc6 37. Rg6 1-0

[Event "19th HZ Open 2015"]
[Site "Vlissingen NED"]
[Date "2015.08.04"]
[Round "5.10"]
[White "Ankit, R. Rajpara"]
[Black "Yogesh, Gautam"]
[Result "1-0"]
[WhiteTitle "GM"]
[WhiteElo "2460"]
[BlackElo "2207"]
[WhiteFideId "5023335"]
[BlackFideId "5009324"]
[EventDate "2015.08.01"]

1. d4 e6 2. c4 d5 3. Nc3 Be7 4. Nf3 Nf6 5. Bf4 O-O 6. e3 b6 7. Bd3 c5 8. dxc5
bxc5 9. O-O Nc6 10. cxd5 exd5 11. Rc1 h6 12. e4 d4 13. Na4 Nd7 14. a3 a5 15. e5
Ba6 16. Re1 Bxd3 17. Qxd3 Qc8 18. Bg3 Qa6 19. Qf5 Qb7 20. e6 fxe6 21. Qxe6+ Kh8
22. Qd5 Ra7 23. Bh4 g5 24. Re6 Rf6 25. Bg3 Kg7 26. Rce1 Bf8 27. Re8 Ncb8 28.
R1e7+ Bxe7 29. Qg8# 1-0

[Event "19th HZ Open 2015"]
[Site "Vlissingen NED"]
[Date "2015.08.04"]
[Round "5.11"]
[White "Warmerdam, Max"]
[Black "Leenhouts, Koen"]
[Result "0-1"]
[BlackTitle "IM"]
[WhiteElo "2236"]
[BlackElo "2422"]
[WhiteFideId "1048104"]
[BlackFideId "1008439"]
[EventDate "2015.08.01"]

1. e4 c5 2. Nf3 e6 3. d4 cxd4 4. Nxd4 Nc6 5. Nc3 Qc7 6. Be3 a6 7. Qf3 d6 8. Qg3
b5 9. a3 Nf6 10. Nxc6 Qxc6 11. Be2 Be7 12. e5 dxe5 13. Bf3 e4 14. Qxg7 Rf8 15.
Be2 Rg8 16. Qh6 Rxg2 17. h4 Rg6 18. Qf4 Bd6 19. h5 Bxf4 0-1

[Event "19th HZ Open 2015"]
[Site "Vlissingen NED"]
[Date "2015.08.04"]
[Round "5.12"]
[White "Foisor, Sabina-Francesca"]
[Black "Stark, Lars"]
[Result "0-1"]
[WhiteTitle "WGM"]
[BlackTitle "IM"]
[WhiteElo "2230"]
[BlackElo "2437"]
[WhiteFideId "1212915"]
[BlackFideId "4676386"]
[EventDate "2015.08.01"]

1. Nf3 c5 2. c4 Nf6 3. Nc3 g6 4. g3 Bg7 5. Bg2 O-O 6. O-O d5 7. d3 Nc6 8. Bg5 d4
9. Na4 Nd7 10. a3 a6 11. Rc1 Re8 12. Bd2 a5 13. e3 e5 14. exd4 exd4 15. Bf4 Ra7
16. Qb3 b6 17. Rce1 Rxe1 18. Rxe1 Bb7 19. h4 Ne7 20. Ng5 Bxg2 21. Kxg2 Nc6 22.
Qb5 Nce5 23. Bxe5 Bxe5 24. Qc6 Bf6 25. Ne4 Be7 26. Nd2 Kf8 27. Qf3 Qc7 28. b3
Qb7 29. Nb2 Qxf3+ 30. Nxf3 Bf6 31. g4 h6 32. g5 hxg5 33. hxg5 Be7 34. Kh3 Bd6
35. Nd2 Ra8 36. Ne4 Bc7 37. Rf1 Kg7 38. f4 Rh8+ 39. Kg2 Kf8 40. Nd1 Kg7 41. Ndf2
f5 42. gxf6+ Nxf6 43. Ng5 Re8 44. Nfe4 Nh5 45. f5 gxf5 46. Rxf5 Kg6 47. Rf3 Bf4
48. Nh3 Be5 49. a4 Rh8 50. Neg5 Re8 51. Ne4 Bc7 52. Kf2 Bb8 53. Kg2 Rh8 54. Kf2
Be5 55. Kg2 Ng7 56. Nf4+ Bxf4 57. Rxf4 Nf5 58. Ng3 Nxg3 59. Rg4+ Kf5 60. Rxg3
Re8 61. Rf3+ Ke5 62. Rh3 Kd6 63. Kf2 Re6 64. Rg3 Rh6 65. Kg2 Ke5 66. Rg8 Kf4 67.
Re8 Rg6+ 68. Kf2 Kg4 69. Kg2 Rg7 70. Rb8 Re7 71. Rxb6 Re2+ 72. Kf1 Rb2 73. Re6
Rd2 74. Re5 Kf3 75. Ke1 Rxd3 76. Rxc5 Rxb3 77. Re5 Kf4 78. Rh5 Ke4 79. Kd2 Rb2+
80. Kc1 Ra2 81. Rxa5 Kd3 82. Kb1 Rc2 83. c5 Rc4 84. Rb5 Kc3 85. c6 Rxc6 86. Ka2
d3 87. Ka3 d2 88. Rd5 Rc4 89. Rxd2 Kxd2 90. Kb3 Rh4 0-1

[Event "19th HZ Open 2015"]
[Site "Vlissingen NED"]
[Date "2015.08.05"]
[Round "6.1"]
[White "Wan, Yunguo"]
[Black "Van Wely, Loek"]
[Result "1-0"]
[WhiteTitle "IM"]
[BlackTitle "GM"]
[WhiteElo "2472"]
[BlackElo "2654"]
[WhiteFideId "8603189"]
[BlackFideId "1000268"]
[EventDate "2015.08.01"]

1. e4 c5 2. Nf3 e6 3. d4 cxd4 4. Nxd4 Nc6 5. Nc3 d6 6. Be3 Nf6 7. Qe2 a6 8.
O-O-O Qc7 9. g4 Nxd4 10. Rxd4 b5 11. g5 Nd7 12. f4 Be7 13. h4 Bb7 14. Rh3 Rc8
15. Kb1 Qa5 16. a3 O-O 17. h5 Rxc3 18. Bd2 Rxc2 19. Bxa5 Rxe2 20. Bxe2 Nc5 21.
e5 dxe5 22. fxe5 Be4+ 23. Ka1 Bd5 24. Bb4 Rc8 25. Kb1 Bxg5 26. Rc3 Be7 27. Bf3
Bc4 28. b3 Nxb3 29. Rxb3 Bxb3 30. Bxe7 h6 31. Rd8+ Rxd8 32. Bxd8 Bd5 33. Be2 Kf8
34. Kb2 Ke8 35. Bh4 Bc6 36. Be1 f5 37. exf6 gxf6 38. Bd2 Kf7 39. Kb3 e5 40. Kb4
Ke6 41. Bxh6 f5 42. Bg7 Be4 43. h6 f4 44. Bg4+ Kd6 45. Bf8+ Kd5 46. Bf3 1-0

[Event "19th HZ Open 2015"]
[Site "Vlissingen NED"]
[Date "2015.08.05"]
[Round "6.2"]
[White "Landa, Konstantin"]
[Black "Werle, Jan"]
[Result "1-0"]
[WhiteTitle "GM"]
[BlackTitle "GM"]
[WhiteElo "2624"]
[BlackElo "2525"]
[WhiteFideId "4101685"]
[BlackFideId "1006088"]
[EventDate "2015.08.01"]

1. e4 c5 2. Nf3 e6 3. d4 cxd4 4. Nxd4 a6 5. c4 Nf6 6. Nc3 Bb4 7. Qd3 Qc7 8. a3
Be7 9. Qg3 Qxg3 10. hxg3 Nc6 11. Nc2 d6 12. b4 b6 13. Bb2 O-O 14. f4 Bb7 15. Be2
Rfd8 16. O-O-O Rab8 17. Kb1 Ba8 18. Rhe1 Ne8 19. Rd2 Na7 20. Bf3 Rdc8 21. Ne3
Bf6 22. Rc1 h6 23. Ne2 Bxb2 24. Kxb2 Rc7 25. e5 dxe5 26. fxe5 Nc6 27. Bxc6 Bxc6
28. c5 bxc5 29. Rxc5 Bb5 30. Rxc7 Nxc7 31. Nc3 Kf8 32. Rd6 Ke7 33. Nxb5 axb5 34.
Rc6 Kd7 35. Rd6+ Ke7 36. Rc6 Kd7 37. Rc1 Na8 38. Rd1+ Ke7 39. Nc2 Nb6 40. Nd4
Nc4+ 41. Kb3 Nxe5 42. Re1 Rd8 43. Nxb5 Nd3 44. Re3 f5 45. Na7 Rd5 46. Nc8+ Kf6
47. Nb6 Rd6 48. Nc4 Rd8 49. Kc2 Nf2 50. a4 Ne4 51. a5 Rb8 52. Nb6 Ke7 53. Rd3
Nd6 54. Rc3 Rb7 55. Kb3 e5 56. Rc6 Nb5 57. Kc4 Na7 58. Nd5+ 1-0

[Event "19th HZ Open 2015"]
[Site "Vlissingen NED"]
[Date "2015.08.05"]
[Round "6.3"]
[White "Moradiabadi, Elshan"]
[Black "Ankit, R. Rajpara"]
[Result "1-0"]
[WhiteTitle "GM"]
[BlackTitle "GM"]
[WhiteElo "2587"]
[BlackElo "2460"]
[WhiteFideId "12501255"]
[BlackFideId "5023335"]
[EventDate "2015.08.01"]

1. Nf3 d5 2. g3 c6 3. Bg2 Bg4 4. O-O Nf6 5. d3 Nbd7 6. c4 e6 7. cxd5 exd5 8. Nc3
Bc5 9. a3 a5 10. Rb1 Qe7 11. h3 Bxf3 12. Bxf3 O-O 13. Bg2 Rfe8 14. Qc2 Bd4 15.
e3 Bc5 16. Ne2 a4 17. Bd2 Bd6 18. Rbe1 Nc5 19. Nd4 Qd7 20. Bc3 Be5 21. f4 Bxd4
22. Bxd4 Nb3 23. Be5 Qe7 24. Kh2 Qc5 25. Qd1 Re6 26. g4 Qe7 27. d4 Ne4 28. Bxe4
dxe4 29. Qc2 Rd8 30. Rd1 Qh4 31. f5 Rh6 32. Qg2 c5 33. g5 Rh5 34. Rf4 Qxg5 35.
Rg4 Qxe3 36. Rxg7+ Kf8 37. Rg8+ Ke7 38. f6+ 1-0

[Event "19th HZ Open 2015"]
[Site "Vlissingen NED"]
[Date "2015.08.05"]
[Round "6.4"]
[White "Leenhouts, Koen"]
[Black "Ernst, Sipke"]
[Result "0-1"]
[WhiteTitle "IM"]
[BlackTitle "GM"]
[WhiteElo "2422"]
[BlackElo "2544"]
[WhiteFideId "1008439"]
[BlackFideId "1004689"]
[EventDate "2015.08.01"]

1. d4 Nf6 2. c4 e6 3. Nc3 Bb4 4. e3 O-O 5. Bd3 d5 6. Nf3 c5 7. O-O cxd4 8. exd4
dxc4 9. Bxc4 b6 10. Bg5 Bb7 11. Rc1 h6 12. Bh4 Nc6 13. Bd3 Be7 14. Bb1 Rc8 15.
a3 Nh5 16. Bg3 Nxg3 17. hxg3 Bf6 18. d5 exd5 19. Nxd5 g6 20. Nxf6+ Qxf6 21. Qd2
Kg7 22. Qc3 Rfd8 23. Qxf6+ Kxf6 24. Be4 Na5 25. Bxb7 Nxb7 26. b4 Nd6 27. Rfd1
Ne4 28. g4 Rd3 29. a4 Rcc3 30. Re1 Rxc1 31. Rxc1 Rc3 32. Rd1 Rc4 33. Rd4 Rxd4
34. Nxd4 a6 35. a5 bxa5 36. bxa5 Nc5 37. f3 Ke5 38. Nc6+ Kd5 39. Nd8 f6 40. Nf7
Nb3 41. Nxh6 Nxa5 42. Kf2 Nc4 43. g5 fxg5 44. Ke2 Kd4 45. Nf7 a5 46. Nxg5 a4 47.
Ne6+ Kc3 48. Nc7 Nd6 49. Nd5+ Kb3 50. Kd3 a3 51. Nc3 g5 52. Ne2 Kb2 53. Nc3 Nb5
54. Nd1+ Kb3 55. Ne3 a2 56. Nc2 Kb2 57. g3 Na3 0-1

[Event "19th HZ Open 2015"]
[Site "Vlissingen NED"]
[Date "2015.08.05"]
[Round "6.5"]
[White "Jobava, Baadur"]
[Black "Van Overdam, Julian"]
[Result "1-0"]
[WhiteTitle "GM"]
[WhiteElo "2664"]
[BlackElo "2367"]
[WhiteFideId "13601520"]
[BlackFideId "1015303"]
[EventDate "2015.08.01"]

1. d4 Nf6 2. Nf3 e6 3. c4 Bb4+ 4. Bd2 Qe7 5. e3 Nc6 6. Be2 Bxd2+ 7. Nbxd2 d6 8.
O-O O-O 9. Ne1 e5 10. d5 Nb8 11. e4 a5 12. g3 Na6 13. Ng2 Nc5 14. Qc2 Bd7 15.
Rae1 c6 16. Qb1 b5 17. dxc6 Bxc6 18. cxb5 Bxe4 19. Nxe4 Ncxe4 20. Rd1 d5 21. Ne3
d4 22. Nc4 Nc5 23. Rfe1 Rfd8 24. Nxa5 Rxa5 25. b4 Raa8 26. bxc5 Qxc5 27. Rc1 Qd5
28. Bc4 Qd6 29. Bd3 Re8 30. Rc6 Qe7 31. b6 Rab8 32. a4 Qa3 33. Qb5 e4 34. Rxf6
gxf6 35. Rxe4 Rxe4 36. Bxe4 d3 37. Bxd3 Rxb6 38. Bxh7+ Kxh7 39. Qxb6 Qc3 40. Kg2
Kg7 41. a5 Qe5 42. h4 1-0

[Event "19th HZ Open 2015"]
[Site "Vlissingen NED"]
[Date "2015.08.05"]
[Round "6.6"]
[White "Mu, Ke"]
[Black "Krasenkow, Michal"]
[Result "1/2-1/2"]
[BlackTitle "GM"]
[WhiteElo "2380"]
[BlackElo "2616"]
[WhiteFideId "8602778"]
[BlackFideId "1113100"]
[EventDate "2015.08.01"]

1. d4 g6 2. Nf3 Bg7 3. c4 d6 4. Nc3 Bg4 5. Be3 c6 6. h3 Bxf3 7. exf3 e6 8. Qd2
d5 9. Rd1 Nd7 10. cxd5 exd5 11. Bd3 Ne7 12. Bb1 Nf8 13. Ne2 Ne6 14. Nf4 Qd6 15.
Nxe6 fxe6 16. Bf4 Qd7 17. O-O O-O 18. Rfe1 Nf5 19. Be5 Rae8 20. Bxf5 Rxf5 21.
Bxg7 Qxg7 22. Re2 Qf6 23. Rde1 Kf7 24. Re5 Rxe5 25. Rxe5 c5 26. f4 cxd4 27. Qxd4
Rc8 28. g3 b6 29. h4 Qe7 30. Re2 h5 31. Kg2 Qc5 32. Qe5 Re8 33. Rd2 Rd8 34. Qg5
Rc8 35. Qe5 Qc7 36. Qe3 Qc1 37. f5 exf5 38. Rxd5 Qxe3 39. fxe3 Rc2+ 40. Kf3 Ke6
41. Rb5 Kd6 42. a4 Kc6 43. Re5 Rxb2 44. Re6+ Kc5 45. Rxg6 Kb4 46. Rg5 Kxa4 47.
Rxh5 b5 48. Rxf5 b4 49. g4 Rb1 50. Kg2 Rb2+ 51. Kg3 Re2 52. Rf7 a5 53. g5 b3 54.
Rb7 Rxe3+ 55. Kf4 Rc3 56. g6 Rc4+ 57. Kg5 Rb4 58. Rxb4+ axb4 59. g7 b2 60. g8=Q
b1=Q 1/2-1/2

[Event "19th HZ Open 2015"]
[Site "Vlissingen NED"]
[Date "2015.08.05"]
[Round "6.7"]
[White "Timmermans, Mark"]
[Black "Ikonnikov, Vyacheslav"]
[Result "1-0"]
[WhiteTitle "FM"]
[BlackTitle "GM"]
[WhiteElo "2352"]
[BlackElo "2519"]
[WhiteFideId "1026399"]
[BlackFideId "4100972"]
[EventDate "2015.08.01"]

1. e4 c5 2. Nf3 a6 3. Nc3 b5 4. d4 cxd4 5. Nxd4 Bb7 6. Bd3 e6 7. O-O Nc6 8. Nxc6
Bxc6 9. Qe2 Nf6 10. e5 Nd5 11. Ne4 Nb4 12. Bf4 Nxd3 13. cxd3 Be7 14. Qg4 Kf8 15.
Rfc1 h5 16. Qe2 g6 17. Nf6 Bxf6 18. exf6 Kg8 19. Qe5 h4 20. h3 Rh5 21. Bg5 Bd5
22. Rc2 d6 23. Qe3 e5 24. b3 Qd7 25. Bh6 Qf5 26. Bg7 Qg5 27. Qxg5 Rxg5 28. f3
Bxf3 29. g4 Kh7 30. Rac1 Rg8 31. Rc8 Rxg7 32. fxg7 Kxg7 33. Kf2 e4 34. Re8 f5
35. Ke3 fxg4 36. dxe4 Re5 37. Rxe5 dxe5 38. Rg1 Bxe4 39. Kxe4 gxh3 40. Rg4 g5
41. Rxg5+ Kh6 42. Rg1 Kh5 43. Kxe5 h2 44. Rh1 Kg4 45. Rxh2 Kg3 46. Rc2 h3 47.
Kd5 1-0